Countries with a Temperate Oceanic Climate - Statistics

General Stats
  • This quiz has been taken 112 times
  • The average score is 75 of 86
Answer Stats
Countries % Correct
Mexico
99%
Canada
98%
United States
96%
Argentina
95%
Brazil
95%
Australia
94%
Bolivia
94%
Chile
94%
Dominican Republic
94%
Ecuador
94%
Italy
94%
New Zealand
94%
Panama
94%
Peru
94%
South Africa
94%
Belgium
93%
Costa Rica
93%
Cuba
93%
Denmark
93%
France
93%
France
93%
France
93%
Germany
93%
Haiti
93%
Ireland
93%
Japan
93%
Netherlands
93%
Spain
93%
Sweden
93%
United Kingdom
93%
Venezuela
93%
Bosnia and Herzegovina
92%
China
92%
Colombia
92%
Croatia
92%
Norway
92%
Portugal
92%
Slovenia
92%
Uruguay
92%
Albania
91%
Greece
91%
Russia
91%
Bulgaria
89%
Honduras
89%
Luxembourg
89%
Nicaragua
89%
Guatemala
88%
Guyana
88%
India
88%
Switzerland
88%
Tanzania
88%
Kenya
87%
North Macedonia
87%
Papua New Guinea
87%
Andorra
86%
Indonesia
86%
Jamaica
86%
South Korea
86%
Turkey
86%
Turkey
86%
Liechtenstein
85%
Montenegro
85%
Austria
84%
Kosovo
84%
Serbia
84%
Democratic Republic of the Congo
82%
Taiwan
82%
Ethiopia
81%
Madagascar
81%
Uganda
81%
Hungary
80%
Vanuatu
79%
Georgia
78%
Malaysia
78%
Philippines
78%
Solomon Islands
78%
Eritrea
76%
Lesotho
76%
Eswatini
75%
Pakistan
75%
Rwanda
75%
Azerbaijan
74%
Armenia
73%
Sri Lanka
67%
Comoros
62%
Equatorial Guinea
54%
No matching quizzes found
Score Distribution
Percent of People with Each Score
Percentile by Number Answered
Your Score History
You have not taken this quiz